[Event "BAN-chT2 Borsho 2nd"]
[Site "Bangladesh"]
[Date "2021.01.22"]
[Round "3.2"]
[White "Mohammad, Yousuf"]
[Black "Kazi, Abdur Rahim"]
[Result "1-0"]
[WhiteElo "1888"]
[BlackElo "2087"]
[PlyCount "73"]
[EventDate "2021.01.20"]
[EventType "team-tourn"]
[EventRounds "9"]
[EventCountry "BAN"]
[SourceTitle "CBM 200 Extra"]
[Source "ChessBase"]
[SourceDate "2021.03.31"]
[SourceVersion "1"]
[SourceVersionDate "2021.03.31"]
[SourceQuality "1"]
[WhiteTeam "Nakhalpara Jubo Kallyan Sangah"]
[BlackTeam "Crescent Club"]
[WhiteTeamCountry "BAN"]
[BlackTeamCountry "BAN"]

1. e4 e5 2. Nf3 Nf6 3. Nxe5 Nc6 4. Nxc6 dxc6 5. Bc4 Bc5 6. 0-0 0-0 7. d3 b5 8. Bb3 a5 9. a4 Qd6 10. h3 Be6 11. Bxe6 Qxe6 12. Nc3 b4 13. Ne2 Rad8 14. Ng3 Qe5 15. Qf3 Rfe8 16. Rb1 Bb6 17. b3 Re6 18. Nf5 Qc3 19. Bb2 Qxc2 20. Qg3 Ne8 21. Bxg7 Rxd3 22. Qg5 Rg6 23. Ne7+ Kxg7 24. Nxg6 hxg6 25. e5 Kg8 26. e6 Rd6 27. exf7+ Kxf7 28. Rfe1 Nf6 29. Qe5 Qf5 30. Qe7+ Kg8 31. Re2 Nd5 32. Qe8+ Qf8 33. Qe5 Rf6 34. Qg3 Qd6 35. Qh4 Qf4 36. Re8+ Rf8 37. Qd8 1-0

[Event "Joytu Sheikh Hasina Online op"]
[Site "Chess.com INT"]
[Date "2020.09.26"]
[Round "7"]
[White "Mohammad, Yousuf"]
[Black "Ahmed, Mahtabuddin"]
[Result "0-1"]
[WhiteElo "1888"]
[BlackElo "2052"]
[PlyCount "100"]
[EventDate "2020.09.24"]
[EventType "swiss"]
[EventRounds "9"]
[EventCountry "BAN"]
[SourceTitle "EXT 2022"]
[Source "ChessBase"]
[SourceDate "2021.10.06"]
[SourceVersion "1"]
[SourceVersionDate "2021.10.06"]
[SourceQuality "1"]

1. e4 e5 2. Nf3 Nc6 3. Bc4 Bc5 4. 0-0 d6 5. h3 a6 6. a3 Nf6 7. d3 h6 8. Nc3 Qe7 9. Nd5 Nxd5 10. Bxd5 Bd7 11. Be3 Bxe3 12. fxe3 Nd8 13. Nh2 0-0 14. Qh5 Be6 15. Rf2 c6 16. Bxe6 Nxe6 17. Raf1 Qg5 18. Qe2 Rad8 19. Rf5 Qe7 20. Qg4 g6 21. Rf6 Nf4 22. Qh4 Ne2+ 23. Kf2 Nc1 24. Nf3 Rd7 25. Ke1 Kg7 26. Nh2 Qd8 27. Kd2 Na2 28. Qe1 d5 29. Qa1 Qa5+ 30. c3 Nxc3 31. bxc3 dxe4 32. Ke2 Rxd3 33. Qa2 Rd7 34. Qb3 Qc5 35. R6f2 f5 36. Re1 Rfd8 37. Kf1 b5 38. Kg1 Rd3 39. Rc2 Rxe3 40. Rxe3 Qxe3+ 41. Rf2 Rd2 42. Ng4 Qa7 43. Kf1 e3 44. Rxd2 exd2 45. Ke2 fxg4 46. Kxd2 Qf2+ 47. Kd3 Qxg2 48. Qe6 Qd5+ 49. Qxd5 cxd5 50. Ke3 gxh3 0-1

[Event "Joytu Sheikh Hasina Online op"]
[Site "Chess.com INT"]
[Date "2020.09.26"]
[Round "8"]
[White "Tasnia Tarannum, Orpa"]
[Black "Mohammad, Yousuf"]
[Result "0-1"]
[WhiteElo "1424"]
[BlackElo "1888"]
[PlyCount "162"]
[EventDate "2020.09.24"]
[EventType "swiss"]
[EventRounds "9"]
[EventCountry "BAN"]
[SourceTitle "EXT 2022"]
[Source "ChessBase"]
[SourceDate "2021.10.06"]
[SourceVersion "1"]
[SourceVersionDate "2021.10.06"]
[SourceQuality "1"]

1. e3 e5 2. d4 exd4 3. exd4 d5 4. Nc3 Nf6 5. Bg5 Be7 6. Nf3 0-0 7. Bd3 Bg4 8. 0-0 c6 9. Re1 Nbd7 10. Be2 h6 11. Bh4 Nh7 12. Bxe7 Qxe7 13. Ne5 Bxe2 14. Rxe2 Nxe5 15. Rxe5 Qd7 16. Qf3 Rae8 17. Rae1 Rxe5 18. Rxe5 Re8 19. Qe2 Rxe5 20. Qxe5 Nf8 21. Kf1 Kh7 22. Qb8 Ng6 23. Qxa7 Nf4 24. Qb8 Qg4 25. g3 Qh3+ 26. Ke1 Ne6 27. Qe5 Qg4 28. Ne2 Ng5 29. Ng1 Ne6 30. Ne2 Qg6 31. Kd2 Ng5 32. Qe3 Ne4+ 33. Kc1 f5 34. f3 Nd6 35. b3 Nb5 36. Nf4 Qd6 37. Qd3 g6 38. Kb1 Qb4 39. Ne2 Qe1+ 40. Kb2 Qf2 41. h4 h5 42. a4 Nc7 43. Ka3 Ne6 44. c3 Kg7 45. Kb4 b6 46. Ka3 Kf6 47. b4 Qe1 48. Kb2 Qf2 49. a5 bxa5 50. bxa5 Nc7 51. a6 Nb5 52. c4 dxc4 53. Qxc4 Ke7 54. a7 Nxa7 55. Qc5+ Ke6 56. Qxa7 Qxe2+ 57. Kc3 Qxf3+ 58. Kc4 Qd5+ 59. Kc3 Qd6 60. Qa2+ Kf6 61. Qf2 Qd5 62. Qe3 Qe4 63. Qg5+ Kg7 64. Kc4 Qd5+ 65. Kc3 Qd6 66. Qe3 Kh7 67. Kc4 Qd5+ 68. Kc3 Qa5+ 69. Kc4 Qb5+ 70. Kc3 Qa5+ 71. Kc4 Qd5+ 72. Kc3 Qe4 73. Qg5 Qe6 74. Qf4 Qe4 75. Qc7+ Kh6 76. Qd6 Qf3+ 77. Kc4 Qe4 78. Kc5 Qc2+ 79. Kb6 Qc4 80. Kc7 Kg7 81. Qxc6 Qxd4 0-1

[Event "Dhaka IRT U2000"]
[Site "Dhaka"]
[Date "2018.02.17"]
[Round "4"]
[White "Mohammad, Yousuf"]
[Black "Md, Nasim Hossain Bhuiy"]
[Result "1/2-1/2"]
[WhiteElo "1887"]
[BlackElo "1958"]
[PlyCount "87"]
[EventDate "2018.02.14"]
[EventType "swiss"]
[EventRounds "9"]
[EventCountry "BAN"]
[SourceTitle "EXT 2024"]
[Source "ChessBase"]
[SourceDate "2023.10.10"]
[SourceVersion "1"]
[SourceVersionDate "2023.10.10"]
[SourceQuality "1"]

1. e4 e5 2. Nf3 Nc6 3. Bc4 Bc5 4. 0-0 d6 5. c3 Nf6 6. d4 Bb6 7. dxe5 Nxe5 8. Nxe5 dxe5 9. Qxd8+ Kxd8 10. Bxf7 Ke7 11. Bb3 Nxe4 12. Be3 Bxe3 13. fxe3 Be6 14. Bc2 Nf6 15. Nd2 Ng4 16. Rfe1 Nf6 17. Rad1 Rad8 18. b3 Rd7 19. c4 Rhd8 20. Nf3 Rxd1 21. Rxd1 Rxd1+ 22. Bxd1 Bg4 23. h3 Bxf3 24. gxf3 Kd6 25. b4 a6 26. Kf2 c5 27. a3 b5 28. Be2 Kc6 29. Kg3 g5 30. h4 h6 31. f4 gxh4+ 32. Kxh4 exf4 33. exf4 Kb6 34. bxc5+ Kxc5 35. cxb5 axb5 36. f5 b4 37. a4 b3 38. Bd1 b2 39. Bc2 Kb4 40. Kg3 Kc3 41. Bb1 Kb4 42. Bc2 Nd5 43. Kh4 Ne3 44. Bb1 1/2-1/2

[Event "BAN-chB 43rd"]
[Site "Dhaka"]
[Date "2017.11.14"]
[Round "8"]
[White "Zoar Haque, Prodhan"]
[Black "Mohammad, Yousuf"]
[Result "1-0"]
[WhiteElo "1991"]
[BlackElo "1866"]
[PlyCount "81"]
[EventDate "2017.11.07"]
[EventType "swiss"]
[EventRounds "11"]
[EventCountry "BAN"]
[SourceTitle "CBM 181 Extra"]
[Source "ChessBase"]
[SourceDate "2017.12.12"]
[SourceVersion "1"]
[SourceVersionDate "2017.12.12"]
[SourceQuality "1"]

1. e4 e5 2. Nf3 Nc6 3. Bc4 Bc5 4. c3 d6 5. Bb3 Bg4 6. d3 Nf6 7. h3 Bh5 8. Nbd2 h6 9. g4 Bg6 10. Qe2 a6 11. Nf1 Qd7 12. Ba4 0-0-0 13. Be3 Bb6 14. 0-0-0 Rhe8 15. Nh4 d5 16. Bxb6 cxb6 17. Nxg6 fxg6 18. Kb1 b5 19. Bc2 dxe4 20. dxe4 Qe7 21. Ne3 Qc5 22. a3 Ne7 23. f3 Nh7 24. Bb3 Rf8 25. h4 Kb8 26. Rhe1 Nf6 27. Nd5 Nc6 28. Rd3 a5 29. Red1 Kc8 30. Nxf6 gxf6 31. Rd5 Rxd5 32. Rxd5 Qg1+ 33. Ka2 b4 34. cxb4 axb4 35. a4 Qc1 36. Qb5 Qe3 37. Rc5 Kc7 38. Bd5 b3+ 39. Ka3 Kd6 40. Rxc6+ bxc6 41. Qxc6+ 1-0

[Event "BAN-chB 43rd"]
[Site "Dhaka"]
[Date "2017.11.12"]
[Round "6"]
[White "Mohammad, Yousuf"]
[Black "Md Abzid, Rahman"]
[Result "0-1"]
[WhiteElo "1866"]
[BlackElo "2039"]
[PlyCount "120"]
[EventDate "2017.11.07"]
[EventType "swiss"]
[EventRounds "11"]
[EventCountry "BAN"]
[SourceTitle "CBM 181 Extra"]
[Source "ChessBase"]
[SourceDate "2017.12.12"]
[SourceVersion "1"]
[SourceVersionDate "2017.12.12"]
[SourceQuality "1"]

1. e4 e6 2. d4 b6 3. Bd3 Bb7 4. Ne2 d5 5. e5 c5 6. c3 Nc6 7. 0-0 Qc7 8. Be3 f5 9. exf6 Nxf6 10. Nf4 Qf7 11. Qc2 c4 12. Be2 Bd6 13. g3 0-0 14. Nd2 Rae8 15. Nf3 Ne4 16. Rae1 g5 17. Ng2 Qf5 18. Bc1 h6 19. Ne3 Qh7 20. Nd2 Nf6 21. Qxh7+ Kxh7 22. Ng4 Nd7 23. Bf3 b5 24. Bg2 h5 25. Ne3 Kg6 26. Nf3 Be7 27. Re2 Bc8 28. Rfe1 Nb6 29. Nd1 g4 30. Nd2 Bd7 31. f4 b4 32. Ne3 bxc3 33. bxc3 Na4 34. f5+ Rxf5 35. Nxf5 Kxf5 36. Nb1 Rb8 37. Rf2+ Kg6 38. Bf4 Rb7 39. Bf1 Bf6 40. Kg2 Ne7 41. Be2 Nf5 42. Ref1 Rb2 43. a3 Rb3 44. Rc1 Nb2 45. Bd1 Rb7 46. Bc2 Ba4 47. Bxf5+ exf5 48. Rcf1 Nd3 49. Re2 Bd7 50. Bd6 h4 51. gxh4 Bxh4 52. Be7 f4 53. Kg1 f3 54. Re3 Bf6 55. Bb4 Bg5 56. Rxd3 cxd3 57. Rd1 Ba4 58. Re1 Bc2 59. c4 f2+ 60. Kxf2 Bh4+ 0-1